Alle Länder des Fränkischen Reichs - Statistiken

Allgemein
  • Dieses Quiz wurde 21 mal gespielt
  • Das Durchschnittsergebnis liegt bei 15 aus 17
Antwortstatistiken
Antwort % Korrekt
Deutschland
100%
Polen
100%
Belgien
94%
Italien
94%
Luxemburg
94%
Niederlande
94%
Tschechien
94%
Andorra
89%
Frankreich
89%
Monaco
89%
Slowakei
89%
Slowenien
89%
Spanien
89%
Schweiz
83%
Ungarn
83%
Kroatien
78%
Bosnien
61%
Keine übereinstimmenden Quizze gefunden
Verteilung der Resultate
Anzahl Personen mit jedem Resultat
Perzentil nach korrekt beantworteten Fragen
Ihre Resultats-Entwicklung
Sie haben dieses Quiz noch nicht gespielt